000 00590nam a2200181Ia 4500
005 20250326140801.0
008 250326s9999 xx 000 0 und d
037 _aTextbook
040 _aFMSL
_beng
_cFMSL
041 _aeng
_2eng
084 _aX:513y7 P0
_qFMSL
100 _aBuchholz A
_9743042
245 0 _aWhat makes winning brands different? : The Hidden method behind the world's most successful brands
_cBuchholz A; Wordemann W
260 _aNew york
_bNew york, John Wiley & Sons
_c2000
300 _a222p
942 _cTB
_hX:513y7 P0
999 _c1287271
_d1287271